|
|
|
|
| LEADER |
01605nam a22002417a 4500 |
| 008 |
140318b xxu||||| |||| 00| 0 eng d |
| 999 |
|
|
|c 5796
|d 5796
|
| 020 |
|
|
|a 9780000134707
|
| 082 |
|
|
|a 928.9413
|b VAS/ENG
|
| 100 |
|
|
|a ഏങ്ങണ്ടിയൂര്, അശോകന്
|
| 240 |
|
|
|a M. T.yude padamudrakal
|
| 245 |
|
|
|a എം. ടിയുടെ പാദമുദ്രകള് /
|c അശോകന് ഏങ്ങണ്ടിയൂര്
|
| 260 |
|
|
|a കോട്ടയം :
|c 2010.
|b നാഷണല് ബുക്ക്സ്റ്റാള്,
|
| 300 |
|
|
|a 151p.
|
| 600 |
|
|
|a M. T. Vasudevan Nair
|
| 650 |
|
|
|a Biography
|
| 700 |
|
|
|a Engadiyyoor, Ashokan
|
| 942 |
|
|
|2 ddc
|c BK
|
| 952 |
|
|
|0 0
|1 0
|2 ddc
|4 0
|6 928_941300000000000_VASENG
|7 0
|9 8330
|a MAIN
|b MAIN
|d 2014-03-18
|e National Book Stall
|g 105.00
|o 928.9413 VAS/ENG
|p 8465
|r 2014-03-18
|t 1
|w 2014-03-18
|y BK
|
| 952 |
|
|
|0 0
|1 0
|2 ddc
|4 0
|6 928_941300000000000_VASENG
|7 0
|9 8331
|a MAIN
|b MAIN
|d 2014-03-18
|e National Book Stall
|g 105.00
|l 2
|o 928.9413 VAS/ENG
|p 8466
|r 2018-03-20
|s 2018-03-19
|t 2
|w 2014-03-18
|y BK
|
| 952 |
|
|
|0 0
|1 0
|2 ddc
|4 0
|6 928_941300000000000_VASENG
|7 0
|9 8332
|a MAIN
|b MAIN
|d 2014-03-18
|e National Book Stall
|g 105.00
|l 1
|o 928.9413 VAS/ENG
|p 8467
|r 2015-01-21
|s 2014-12-10
|t 3
|w 2014-03-18
|y BK
|
| 952 |
|
|
|0 0
|1 0
|2 ddc
|4 0
|6 928_941300000000000_VASENG
|7 0
|9 13726
|a MAIN
|b MAIN
|d 2015-01-16
|e National Book Stall
|g 105.00
|o 928.9413 VAS/ENG
|p 13862
|r 2015-01-16
|t 4
|w 2015-01-16
|y BK
|
| 952 |
|
|
|0 0
|1 0
|2 ddc
|4 0
|6 928_941300000000000_VASENG
|7 0
|9 13728
|a MAIN
|b MAIN
|d 2015-01-16
|e National Book Stall
|g 105.00
|o 928.9413 VAS/ENG
|p 13863
|r 2015-01-16
|t 5
|w 2015-01-16
|y BK
|